000
00239nam a2200097 a 4500
005
20201002061648.0
008
190719s1973 000 spa d
245
0
_a
Anunciaremos tu Reino.
260
_a
Santo Domingo,
_c
1973.
999
_c
48596
_d
48596
040
_a
DO-SdBNP